| 000 | 00760cam a2200241 a 4500 | ||
|---|---|---|---|
| 001 | 4474083 | ||
| 005 | 20180115080502.0 | ||
| 008 | 960719s1997 pauab b 001 0 eng | ||
| 010 | _a 96068673 | ||
| 035 | _a(OCoLC)36411754 | ||
| 040 |
_aDLC _cDLC _dNNBMC _dDLC |
||
| 041 | _aeng | ||
| 042 | _alccopycat | ||
| 080 | _a530 | ||
| 082 | 0 | 0 |
_a530 FRA _221 |
| 100 | 1 | _a42 | |
| 101 | _aAST | ||
| 245 | 1 | 0 |
_aVoyages through the universe / _cAndrew Fraknoi, David Morrison, Sidney Wolff. |
| 504 | _aIncludes bibliographical references and index. | ||
| 906 |
_a7 _bcbc _ccopycat _d2 _eopcn _f19 _gy-gencatlg |
||
| 942 |
_2ddc _cBK |
||
| 999 |
_c40301 _d40301 |
||